| 000 | 00465nam a2200181Ia 4500 | ||
|---|---|---|---|
| 003 | GCL | ||
| 008 | 140319s9999 xx 000 0 eng d | ||
| 040 |
_aGCL / _cGCL |
||
| 082 | 0 | 4 |
_a658 _bB B |
| 100 | 1 | _aBUCKLEY, MARTIN | |
| 245 | 1 | 0 |
_aBUSINESS STUDIES / _cBUCKLEY, MARTIN |
| 260 |
_a[S.N] : _bLONGMAN GROUP UK LIMITED ، _c1992 |
||
| 490 |
_aLONGMAN REVIEW GUIDES _v0 |
||
| 650 | 0 | 4 | _aMANAGEMENT |
| 650 | 0 | 4 | _aBUSINESS |
| 650 | 0 | 4 | _aSTRATEGY |
| 942 |
_2ddc _cBK |
||
| 999 |
_c21334 _d21334 |
||